[Event "Negombo op 3rd"]
[Site "Negambo"]
[Date "2017.08.21"]
[Round "4"]
[White "Thenuka, Kuruwita Gamalathge"]
[Black "Jayarathne, Hiruni"]
[Result "1-0"]
[WhiteElo "1578"]
[BlackElo "1345"]
[PlyCount "74"]
[EventDate "2017.08.20"]
[EventType "swiss"]
[EventRounds "10"]
[EventCountry "SRI"]
[SourceTitle "CBM 180 Extra"]
[Source "ChessBase"]
[SourceDate "2017.10.06"]
[SourceVersion "1"]
[SourceVersionDate "2017.10.06"]
[SourceQuality "1"]

1. Nf3 Nf6 2. d4 g6 3. c4 Bg7 4. Nc3 d6 5. e4 0-0 6. Be2 Nbd7 7. 0-0 Re8 8. e5 dxe5 9. dxe5 Ng4 10. e6 Nde5 11. Nxe5 Nxe5 12. exf7+ Nxf7 13. Qxd8 Rxd8 14. Nd5 Be5 15. Nxe7+ Kh8 16. Nxc8 Raxc8 17. Bg4 Rb8 18. Be6 Kg7 19. Rb1 Rd6 20. Bxf7 Kxf7 21. Bg5 Re6 22. Rfd1 Bd6 23. Be3 Rbe8 24. g3 b6 25. b4 Kg8 26. c5 Be5 27. Rd7 R6e7 28. Rbd1 Bc3 29. b5 Bb4 30. c6 Bd6 31. Bg5 Re2 32. Rd2 Re1+ 33. Kg2 Rb1 34. R2xd6 cxd6 35. c7 Rxb5 36. Rd8 Rxg5 37. Rxe8+ Kf7 1-0